Stochastic Models In Operations Research (Record no. 23043)

MARC details
000 -LEADER
fixed length control field 00403nam a22001577a 4500
003 - CONTROL NUMBER IDENTIFIER
control field OSt
005 - DATE AND TIME OF LATEST TRANSACTION
control field 20211221094419.0
008 - FIXED-LENGTH DATA ELEMENTS--GENERAL INFORMATION
fixed length control field 211221b |||||||| |||| 00| 0 eng d
020 ## - INTERNATIONAL STANDARD BOOK NUMBER
International Standard Book Number 0070286329
040 ## - CATALOGING SOURCE
Transcribing agency HU
082 ## - DEWEY DECIMAL CLASSIFICATION NUMBER
Classification number 001.424/HEY
100 ## - MAIN ENTRY--PERSONAL NAME
Personal name Heyman
9 (RLIN) 23711
245 ## - TITLE STATEMENT
Title Stochastic Models In Operations Research
260 ## - PUBLICATION, DISTRIBUTION, ETC.
Date of publication, distribution, etc. 1982
942 ## - ADDED ENTRY ELEMENTS (KOHA)
Source of classification or shelving scheme Dewey Decimal Classification
Koha item type Books like text book referance book
Classification part 001.424/HEY
Suppress in OPAC No
Holdings
Withdrawn status Lost status Source of classification or shelving scheme Damaged status Not for loan Home library Current library Shelving location Date acquired Total Checkouts Full call number Barcode Date last seen Copy number Price effective from Koha item type
    Dewey Decimal Classification     IoT Library IoT Library General Stacks 12/21/2021   001.424/HEY IOTL00000060 12/21/2021 1 12/21/2021 Books like text book referance book
    Dewey Decimal Classification     IoT Library IoT Library General Stacks 12/21/2021   001.424/HEY IOTL00000061 12/21/2021 2 12/21/2021 Books like text book referance book